Intelligent Computer Mathematics (Запис № 453191)

МАРК-запис
000 -LEADER
fixed length control field 05103nam a22007095i 4500
001 - CONTROL NUMBER
control field 978-3-319-62075-6
003 - CONTROL NUMBER IDENTIFIER
control field DE-He213
005 - DATE AND TIME OF LATEST TRANSACTION
control field 20210118152710.0
007 - PHYSICAL DESCRIPTION FIXED FIELD--GENERAL INFORMATION
fixed length control field cr nn 008mamaa
008 - FIXED-LENGTH DATA ELEMENTS--GENERAL INFORMATION
fixed length control field 170627s2017 gw | s |||| 0|eng d
020 ## - INTERNATIONAL STANDARD BOOK NUMBER
International Standard Book Number 9783319620756
-- 978-3-319-62075-6
024 7# - OTHER STANDARD IDENTIFIER
Standard number or code 10.1007/978-3-319-62075-6
Source of number or code doi
050 #4 - LIBRARY OF CONGRESS CALL NUMBER
Classification number Q334-342
072 #7 - SUBJECT CATEGORY CODE
Subject category code UYQ
Source bicssc
072 #7 - SUBJECT CATEGORY CODE
Subject category code COM004000
Source bisacsh
072 #7 - SUBJECT CATEGORY CODE
Subject category code UYQ
Source thema
082 04 - DEWEY DECIMAL CLASSIFICATION NUMBER
Classification number 006.3
Edition number 23
245 10 - TITLE STATEMENT
Title Intelligent Computer Mathematics
Medium [electronic resource] :
Remainder of title 10th International Conference, CICM 2017, Edinburgh, UK, July 17-21, 2017, Proceedings /
Statement of responsibility, etc edited by Herman Geuvers, Matthew England, Osman Hasan, Florian Rabe, Olaf Teschke.
250 ## - EDITION STATEMENT
Edition statement 1st ed. 2017.
264 #1 -
-- Cham :
-- Springer International Publishing :
-- Imprint: Springer,
-- 2017.
300 ## - PHYSICAL DESCRIPTION
Extent XVIII, 375 p. 81 illus.
Other physical details online resource.
336 ## -
-- text
-- txt
-- rdacontent
337 ## -
-- computer
-- c
-- rdamedia
338 ## -
-- online resource
-- cr
-- rdacarrier
347 ## -
-- text file
-- PDF
-- rda
490 1# - SERIES STATEMENT
Series statement Lecture Notes in Artificial Intelligence ;
Том/ позначення послідовності 10383
505 0# - FORMATTED CONTENTS NOTE
Formatted contents note Calculemus track: integration of symbolic computation and mechanized reasoning -- Digital Mathematics Libraries track: math-aware technologies, standards, algorithms, and processes -- Mathematical Knowledge Management track: aspects of managing mathematical knowledge, in informal, semi-formal, and formal settings -- Systems and Projects track: descriptions of systems and relevant projects as keys research topics.
520 ## - SUMMARY, ETC.
Summary, etc This book constitutes the refereed proceedings of the 10th International Conference on Intelligent Computer Mathematics, CICM 2017, held in Edinburgh, Scotland, in July 2017. The 22 full papers and 3 abstracts of invited papers presented were carefully reviewed and selected from a total of 40 submissions. The papers are organized in three tracks: the Calculemus track examining the integration of symbolic computation and mechanized reasoning; the Digital Mathematics Libraries track dealing with math-aware technologies, standards, algorithms, and processes; the Mathematical Knowledge Management track being concerned with all aspects of managing mathematical knowledge, in informal, semi-formal, and formal settings. An additional track Systems and Projects contains descriptions of systems and relevant projects, both of which are key to a research topic where theory and practice interact on explicitly represented knowledge.
506 ## - RESTRICTIONS ON ACCESS NOTE
Terms governing access Available to subscribing member institutions only. Доступно лише організаціям членам підписки.
506 ## - RESTRICTIONS ON ACCESS NOTE
Standardized terminology for access restriction Online access from local network of NaUOA.
506 ## - RESTRICTIONS ON ACCESS NOTE
Standardized terminology for access restriction Online access with authorization at https://link.springer.com/
506 ## - RESTRICTIONS ON ACCESS NOTE
Standardized terminology for access restriction Онлайн-доступ з локальної мережі НаУОА.
506 ## - RESTRICTIONS ON ACCESS NOTE
Standardized terminology for access restriction Онлайн доступ з авторизацією на https://link.springer.com/
650 #0 - SUBJECT ADDED ENTRY--TOPICAL TERM
Topical term or geographic name as entry element Artificial intelligence.
650 #0 - SUBJECT ADDED ENTRY--TOPICAL TERM
Topical term or geographic name as entry element Mathematical logic.
650 #0 - SUBJECT ADDED ENTRY--TOPICAL TERM
Topical term or geographic name as entry element Computer logic.
650 #0 - SUBJECT ADDED ENTRY--TOPICAL TERM
Topical term or geographic name as entry element Software engineering.
650 #0 - SUBJECT ADDED ENTRY--TOPICAL TERM
Topical term or geographic name as entry element Programming languages (Electronic computers).
650 #0 - SUBJECT ADDED ENTRY--TOPICAL TERM
Topical term or geographic name as entry element Computer simulation.
650 14 - SUBJECT ADDED ENTRY--TOPICAL TERM
Topical term or geographic name as entry element Artificial Intelligence.
-- http://scigraph.springernature.com/things/product-market-codes/I21000
650 24 - SUBJECT ADDED ENTRY--TOPICAL TERM
Topical term or geographic name as entry element Mathematical Logic and Formal Languages.
-- http://scigraph.springernature.com/things/product-market-codes/I16048
650 24 - SUBJECT ADDED ENTRY--TOPICAL TERM
Topical term or geographic name as entry element Logics and Meanings of Programs.
-- http://scigraph.springernature.com/things/product-market-codes/I1603X
650 24 - SUBJECT ADDED ENTRY--TOPICAL TERM
Topical term or geographic name as entry element Software Engineering.
-- http://scigraph.springernature.com/things/product-market-codes/I14029
650 24 - SUBJECT ADDED ENTRY--TOPICAL TERM
Topical term or geographic name as entry element Programming Languages, Compilers, Interpreters.
-- http://scigraph.springernature.com/things/product-market-codes/I14037
650 24 - SUBJECT ADDED ENTRY--TOPICAL TERM
Topical term or geographic name as entry element Simulation and Modeling.
-- http://scigraph.springernature.com/things/product-market-codes/I19000
700 1# - ADDED ENTRY--PERSONAL NAME
Personal name Geuvers, Herman.
Relator term editor.
-- (orcid)0000-0003-2522-2980
-- https://orcid.org/0000-0003-2522-2980
Relator code edt
-- http://id.loc.gov/vocabulary/relators/edt
700 1# - ADDED ENTRY--PERSONAL NAME
Personal name England, Matthew.
Relator term editor.
-- (orcid)0000-0001-5729-3420
-- https://orcid.org/0000-0001-5729-3420
Relator code edt
-- http://id.loc.gov/vocabulary/relators/edt
700 1# - ADDED ENTRY--PERSONAL NAME
Personal name Hasan, Osman.
Relator term editor.
-- (orcid)0000-0003-2562-2669
-- https://orcid.org/0000-0003-2562-2669
Relator code edt
-- http://id.loc.gov/vocabulary/relators/edt
700 1# - ADDED ENTRY--PERSONAL NAME
Personal name Rabe, Florian.
Relator term editor.
Relator code edt
-- http://id.loc.gov/vocabulary/relators/edt
700 1# - ADDED ENTRY--PERSONAL NAME
Personal name Teschke, Olaf.
Relator term editor.
Relator code edt
-- http://id.loc.gov/vocabulary/relators/edt
710 2# - ADDED ENTRY--CORPORATE NAME
Corporate name or jurisdiction name as entry element SpringerLink (Online service)
773 0# - HOST ITEM ENTRY
Title Springer eBooks
776 08 - ADDITIONAL PHYSICAL FORM ENTRY
Display text Printed edition:
International Standard Book Number 9783319620749
776 08 - ADDITIONAL PHYSICAL FORM ENTRY
Display text Printed edition:
International Standard Book Number 9783319620763
830 #0 - SERIES ADDED ENTRY--UNIFORM TITLE
Uniform title Lecture Notes in Artificial Intelligence ;
Volume number/sequential designation 10383
856 40 - ELECTRONIC LOCATION AND ACCESS
Uniform Resource Identifier <a href="https://doi.org/10.1007/978-3-319-62075-6">https://doi.org/10.1007/978-3-319-62075-6</a>
912 ## -
-- ZDB-2-SCS
912 ## -
-- ZDB-2-LNC
942 ## - ADDED ENTRY ELEMENTS (KOHA)
Koha item type ЕКнига

Немає доступних примірників.